Statistiques concernant Personnage d'Harry potter par lettre dans Harry potter 4

Cliquez ici pour prendre le quiz!

Statistiques générales

  • Ce quiz a été pris 410 fois
  • Le résultat moyen est 5 sur 22

Statistiques - réponses

Prénom ou NomLettrePersonnage% Correct
PrénomAAlastor
65%
NomKKrum
50%
PrenomIIgor
47%
SurnomVVoldemort
35%
PrénomRRon
33%
PrénomGGabrielle
30%
NomCChang
29%
NomHHagrid
29%
NomBBlack
25%
SurnomQQueudver
23%
NomSSkeeter
21%
PrénomDDobby
19%
PrenomWWinky
16%
FacileLLupin
14%
SurnomMMimi Geignarde
14%
NomOOllivander
13%
NomJJordan
11%
PrénomFFranck
9%
NomEEvans
6%
NomPPomfresh
6%
PrénomNNigel
3%
SurnomTTante Tessie
1%

Distribution des résultats

Percentile par nombre de réponses

% des personnes avec chaque résultat

Votre développement - résultats

Vous n’avez pas pris ce quiz